=LDR 00000nam 2200000 4500 =001 INLIS000000000058718 =005 20211007105729 =035 ##$$a 0010-1021000166 =007 ta =008 211007###########################0###### =020 ##$$a 978-623-6525-59-3 =082 ##$$a 899.221 3 =084 ##$$a 899.221 3 Mar h =245 1#$$a Hatiku masih perawan =250 ##$$a Cet. 1 =300 ##$$a v, 235 halaman : $b Ilustrasi ; $c 21 em =600 #4$$a Fiksi - Indonesia =264 ##$$a Selagalas :$b Novelindo Publishing,$c 2020 =336 ##$$a Teks$2 rdacontent =337 ##$$a Buku$2 rdamedia =338 ##$$a Lain - lain$2 rdacarrier =990 ##$$a 16541654 =990 ##$$a 014/50/2021 =990 ##$$a 014/50/2021